000 00505nam a2200181 a 4500
001 BRCA_7182
005 20190320205737.0
008 130112s1800----gw-a######---#000-0#ger-#
041 _ager
044 _agw
050 4 _aPT2298 .H3
_b.S32
100 1 _aHebel, Johann Peter
_d1760-1826
_917804
245 1 0 _aDas Schatzkastlein des Rheinlandischen hausfreundes
_cJohann Peter Hebel.
260 _aMunchen
_bDelphin
_c[18-?]
300 _a507 p.
_bil., 30 láminas
_c21 cm.
902 _aGFM
942 _2lcc
_cB
999 _c6863
_d6863